Intermediate vocabulary games

Bibliographic Details
Main Author: Hadfield, Jill (Author)
Format: Book
Published: Harlow, Essex, England : Addison Wesley Longman , 1999
Subjects:

MARC

LEADER 00000cam a2200000 7i4500
001 0000048621
005 20061102093000.0
008 050404s1999
020 |a 0582339308 
090 0 0 |a PE1449   |b .H23 1999 
100 0 |a Hadfield, Jill ,   |e author 
245 1 0 |a Intermediate vocabulary games   |c Jill Hadfield 
260 2 |a Harlow, Essex, England :   |b Addison Wesley Longman ,   |c 1999 
300 |a 144 p. :   |b ill. ;   |c 30 cm. 
650 0 |a English language   |x Vocabulary 
650 0 |a Vocabulary 
999 |a 1000101667   |b Book   |c OPEN SHELF (30 DAYS)   |e Gong Badak Campus 
999 |a 1000101668   |b Book   |c OPEN SHELF (30 DAYS)   |e Gong Badak Campus